我的愛情特別酷 : 青少年的感情故事

資料類型: Book 圖書   書目號:39811

Leader xxxxxxxxxx
001 __ PCLIS00039811
005 __ 20060725110226.0
008 __  chi
010 0_ |a957-29902-0-9|b平裝|dNT$220
090 __ |a(nbi)b74449163
090 __ |a(nbi)b74449163
100 __ |a20050422d2004    k  y0chiy09      e
101 0_ |achi
102 __ |atw
105 __ |aa   z   000yy
200 1_ |a我的愛情特別酷|e青少年的感情故事|f曲慧娟.林嘉萍.賴妮蔚著
205 __ |a初版
210 __ |a臺北市|c頂點出版|c師大書苑總經銷|d2004[民93]
215 0_ |a174面|c|d21公分
225 12 |a酷樣校園|v1
260 1_ |a2004
300 __ |a
517 11 |a青少年的感情故事|zchi
681 __ |a857.61|b5554|v增訂八版
700 _1 |a|b慧娟|4702 _1 |a|b嘉萍|4702 _1 |a|b妮蔚|4801 _2 |atw|bPTL|c20060725|gCCR
詳細館藏(共 1 筆)
索 書 號登 錄 號冊次號館別 / 館藏地流通類型狀態加入預約清單電子資源
857.61 / 8530 2016811  圖書館 / 一樓普通區 可外借30天 在館   

| 條列資料




目錄查詢 分類查詢 個人資料 圖書薦購 新書查詢 閉館日 排行榜 更多電子資源 Hami書城 線上資料庫 登出

From : 216.73.217.52

  本日流通累計至 06:34:29 借閱 : 0 次 續借 : 0 次 歸還 : 0 次 預約 : 0 次 電子資源 : 0 次


內湖高中圖書館  PCLIS 版本  26.5.0.12